| 000 | 00622nam a2200193Ia 4500 | ||
|---|---|---|---|
| 003 | GCL | ||
| 008 | 140319s9999 xx 000 0 ara d | ||
| 040 |
_aGCL / _cGCL |
||
| 082 | 0 | 4 |
_a001.6424 _bس ا |
| 100 | 1 | _aهانك ستيل | |
| 245 | 1 | 0 |
_aالانطلاق مع البرامج هارفردغرافيكس / _cهانك ستيل |
| 700 | 1 | _aالدار العربية للعلوم | |
| 260 |
_a[S.N] : _bالدار العربية للعلوم ، _c1991 |
||
| 300 | _a163 | ||
| 490 | _a | ||
| 650 | 0 | 4 | _aهارفرد غرافيكس |
| 650 | 0 | 4 | _aبرامج الحاسبات الالكترونية |
| 942 |
_2ddc _cBK |
||
| 999 |
_c53586 _d53586 |
||